| 000 | 00806nam a2200205 a 4500 | ||
|---|---|---|---|
| 001 | 000045062 | ||
| 005 | 20201002045839.0 | ||
| 008 | 150130s1984 sp 000 0 spa d | ||
| 020 | _a8428509719 | ||
| 040 |
_aDO-SdBNP _bspa _cBNPHU |
||
| 082 |
_axxxx _bxxxx |
||
| 100 | 1 |
_aBarroso Asenjo, Porfirio _973071 |
|
| 245 | 1 | 0 |
_aCódigos deontologicos de los medios de comunicación : _bprensa, radio, televisión, cine, publicidad y relaciones públicas / _cPorfirio Barroso Asenjo ; prólogo José María Desantes Guanter. |
| 260 |
_aMadrid : _bEdiciones Paulinas, _bVerbo Divino, _c1984. |
||
| 300 |
_a428 p. ; _c24 cm. |
||
| 490 | 1 | _aEthos | |
| 500 | _aIncluye referencias bibliográficas y notas al pie de las páginas. | ||
| 700 | 1 |
_aDesantes Guanter, José María _epról. _973072 |
|
| 830 | 0 |
_aEthos _973073 |
|
| 999 |
_c44551 _d44551 |
||